| 000 | 00874cam a2200241 a 4500 | ||
|---|---|---|---|
| 003 | EG-GiCUC | ||
| 008 | 210704s1968 le f 000 0 ara d | ||
| 040 |
_aEG-GiCUC _bara _cEG-GiCUC |
||
| 092 | 0 | 4 |
_a243 _bZ944 1968 _221 |
| 099 |
_a04 _a243 Z944 1968 |
||
| 100 | 1 | _aالزعبى : محمد على | |
| 245 | 1 | 0 |
_aهل نحن مسيرون ام مخيرون او مستقبلك بيدك / _cمحمد على الزعبى |
| 250 | _aط2 | ||
| 260 |
_aبيروت : _bمؤسسة الزعبى للتأليف : _c1968 |
||
| 300 |
_a87 ص ؛ _c22سم |
||
| 650 | 7 |
_aالايمان _2qrmak |
|
| 650 | 7 |
_aالقضاء و القدر _2qrmak |
|
| 902 | _a1 | ||
| 905 |
_aعفاف _eمراجع |
||
| 905 |
_aغاده _eمدخل |
||
| 942 |
_2ddc _cBK |
||
| 999 |
_c159702 _d159702 |
||